书目信息 |
| 题名: |
语言学论丛
|
|
| 作者: | ;北京大学中文系语言学论丛编委会 编 | |
| 分册: | 第十一辑 | |
| 出版信息: | 北京 商务印书馆 1983.10 |
|
| 页数: | 163页 | |
| 开本: | 19cm | |
| 丛书名: | ||
| 单 册: | ||
| 中图分类: | H0 | |
| 科图分类: | ||
| 主题词: | 语言学 | |
| 电子资源: | ||
| ISBN: | ||
| 000 | 00633nam0 2200205 45 | |
| 001 | 0211181783 | |
| 005 | 20040424152231.7 | |
| 010 | @dCNY0.72 | |
| 091 | @a9017.1288 | |
| 100 | @a20021118d1983 km y0chiy0120 ea | |
| 101 | 0 | @achi |
| 105 | @a z 000yy | |
| 200 | 1 | @a语言学论丛@AYu Yan Xue Lun Cong@h第十一辑@f北京大学中文系语言学论丛编委会编@FBei Jing Da Xue Zhong Wen Xi Yu Yan Xue Lun Cong Bian Wei Hui Bian |
| 210 | @a北京@c商务印书馆@d1983.10 | |
| 215 | @a163页@d19cm | |
| 606 | 0 | @a语言学 |
| 690 | @aH0@v3 | |
| 711 | 02 | @a北京大学中文系语言学论丛编委会@4编 |
| 801 | @aCN@bTSTC@c20021118 | |
| 905 | @dH0@e22:11@f2@b168681-682 | |
| 语言学论丛.第十一辑/北京大学中文系语言学论丛编委会编.-北京:商务印书馆,1983.10 |
| 163页;19cm |
| ISBN :CNY0.72 |
| ● |
| 相关链接 |
|
|
|
|
正题名:语言学论丛
索取号:H0/22:11
 
预约/预借
| 序号 | 登录号 | 条形码 | 馆藏地/架位号 | 状态 | 备注 |
| 1 | 0168681 | 000817165 | 密集书库/ [索取号:H0/22:11] | 在馆 | |
| 2 | 0168682 | 000817174 | 第四借阅区/ [索取号:H0/22:11] | 在馆 | |
| 3 | 0168683 | 000817156 | 第二样本阅览室/ [索取号:H0/22:11] | 在馆 |